000 01125nam a22002537a 4500
001 111908
003 UA-OsUOA
005 20260406164053.0
007 ta
008 20150611b un ||||| |||| 00| 0 ukr d
040 _aUA-OsUOA
_bukr
_cUA-OsUOA
_dUA-OsUOA
041 _aukr
080 _a821.161.2(092)
090 _a821.161.2(092)
_bХ82
100 _aХорунжий Ю.
_924882
245 _aЛюдям мила
_bоповіді про Людмилу Старицьку-Черняхівську письменницю, патріотку, страдницю та щойно знайдена ще не друкована її поема "Великий похорон"
_cЮрій Хорунжий
260 _aФастів
_bВисокий друк
_c1993
300 _a52 с.
500 _aДодаток до часопису Всеукраїнського товариства політв'язнів і репресованих "Зона"
650 7 _a821.161.2 Українська література
_2UDC
_941
942 _cBK
_2udc
955 _a3
999 _c398424
_d398424